[Event "CAN-ch U16"]
[Site "Richmond Hill"]
[Date "2011.07.08"]
[Round "6"]
[White "Grynszpan, Alexander"]
[Black "Dawson, Mitchell"]
[Result "0-1"]
[WhiteElo "1162"]
[BlackElo "1362"]
[PlyCount "116"]
[EventDate "2011.07.06"]
[EventType "swiss"]
[EventRounds "7"]
[EventCountry "CAN"]
[SourceTitle "EXT 2022"]
[Source "ChessBase"]
[SourceDate "2021.10.06"]
[SourceVersion "1"]
[SourceVersionDate "2021.10.06"]
[SourceQuality "1"]

1. d4 d5 2. c4 e6 3. Nc3 Nf6 4. Bg5 Bb4 5. Qc2 c6 6. e3 Nbd7 7. Bd3 h6 8. Bh4 Be7 9. Nf3 dxc4 10. Bxc4 Nd5 11. Bxe7 Qxe7 12. 0-0 0-0 13. Ne2 N7b6 14. Bxd5 cxd5 15. Rac1 Qb4 16. a3 Qa4 17. Nf4 Qxc2 18. Rxc2 Nc4 19. Ra1 Bd7 20. b3 Na5 21. Rc3 Rfc8 22. Rac1 Nxb3 23. Rxc8+ Rxc8 24. Rxc8+ Bxc8 25. Ne5 Kf8 26. Nh5 Nd2 27. f3 Nb1 28. a4 Nc3 29. a5 Na2 30. Nd3 Bd7 31. Nc5 Bc6 32. Ng3 Nc3 33. Kf2 Ke7 34. e4 dxe4 35. fxe4 b6 36. axb6 axb6 37. Nd3 Nxe4+ 38. Nxe4 Bxe4 39. Nb4 f5 40. g3 Kd6 41. Ke3 g5 42. g4 Bd5 43. gxf5 exf5 44. Kf2 Be4 45. Ke3 b5 46. Kf2 h5 47. Kg3 h4+ 48. Kf2 Kc7 49. Ke3 Kb6 50. Kd2 Ka5 51. Kc3 Bb7 52. d5 g4 53. d6 Bc8 54. Nc6+ Kb6 55. Ne7 Bd7 56. Nd5+ Kc6 57. Nf6 Kxd6 58. Nxg4 fxg4 0-1